Statistics for Taylor Swift - Now That We Don't Talk Lyrics

Click here to take the quiz!

General Stats

  • This quiz has been taken 69 times
  • The average score is 238 of 275

Answer Stats

Answer% Correct
I
100%
a
98%
do
98%
don't
98%
Now
98%
that
98%
the
98%
to
98%
we
98%
be
95%
called
95%
have
95%
mom
95%
said
95%
she
95%
talk
95%
when
95%
you
95%
You
95%
best
93%
ever
93%
for
93%
from
93%
guess
93%
Guess
93%
it
93%
less
93%
like
93%
me
93%
my
93%
was
93%
your
93%
everybody
91%
friend
91%
get
91%
grew
91%
hair
91%
heard
91%
long
91%
more
91%
on
91%
Remind
91%
say
91%
and
88%
And
88%
cannot
88%
cost
88%
gave
88%
icons
88%
know
88%
myself
88%
new
88%
of
88%
part
88%
party
88%
price
88%
way
88%
What
88%
what
88%
But
86%
Did
86%
home
86%
lost
86%
never
86%
pay
86%
pretend
86%
though
86%
want
86%
went
86%
you'd
86%
anxious
84%
change
84%
didn't
84%
got
84%
miss
84%
So
84%
even
81%
I'll
81%
mega
81%
(off
81%
off
81%
old
81%
Red
81%
started
81%
with
81%
With
81%
chest)
79%
chest
79%
looks
79%
Sea
79%
ways
79%
you're
79%
acid
77%
is
77%
Is
77%
rock
77%
trying
77%
who
77%
crowd
74%
friends
74%
Or
74%
tell
74%
important
72%
lives
72%
men
72%
I'd
70%
outside
70%
think
70%
yacht
70%
thoughts
67%
Just
65%
just
65%
left
65%
better
63%
can't
63%
weekends
63%
only
60%
dignity
58%
how
58%
this
58%
til
58%
am
56%
has
56%
it's
56%
were
56%
back
53%
maybe
53%
platonic
53%
shared
53%
faded
51%
mum
51%
chasing
49%
dinners
49%
turn
49%
ended
47%
had
47%
into
47%
been
44%
mystery
44%
Truth
44%
shrouded
40%

Score Distribution

Percentile by Number Answered

Percent of People with Each Score

Your Score History

You have not taken this quiz